| 000 | 01032pam a2200313 a 4500 | ||
|---|---|---|---|
| 999 |
_c1922 _d1922 |
||
| 001 | 016968690 | ||
| 003 | UkOxU | ||
| 005 | 20230217161419.0 | ||
| 008 | 080418s2008 enka j 000 1 eng | ||
| 015 |
_aGBA864625 _2bnb |
||
| 020 | _a9780141321103 (pbk.) | ||
| 035 | _a(Uk)014608089 | ||
| 040 |
_aStDuBDS _beng _cStDuBDS _dUk _dKH8 |
||
| 042 | _aukblsr | ||
| 082 | 0 | 4 |
_a813.4 TWA _222 |
| 100 | 1 |
_aTwain, Mark, _d1835-1910. _eauthor |
|
| 245 | 1 | 4 |
_aThe adventures of Tom Sawyer / _cMark Twain ; introduced by Richard Peck ; illustrations by Neil Reed. |
| 250 | _a[New ed.] | ||
| 260 |
_aLondon : _bPuffin, _c2008. |
||
| 300 |
_avi, 320 p. : _bill. ; _c18 cm. |
||
| 490 | 1 | _aPuffin classics | |
| 500 | _aFirst published in Puffin books: 1950. | ||
| 600 | 1 | 0 |
_aSawyer, Tom _c(Fictitious character) _vJuvenile fiction. |
| 650 | 0 |
_aBoys _zMissouri _vJuvenile fiction. |
|
| 651 | 0 |
_aMississippi _xSocial life and customs _vJuvenile fiction. |
|
| 700 | 1 |
_aReed, Neil. _eillustrator |
|
| 830 | 0 | _aPuffin classics. | |
| 942 |
_2ddc _cNFIC |
||